00434nam a2200121Ia 4500008004100000245005400041500008700095650001700182700001900199942000800218952006900226999001700295180905s9999 xx 000 0 und d 0aVirgin Mary in Catholic and in Protestant Thought aAl-Basheer: The Bulletin of Christian Institute of Islamic Studies April-June 1972 aChristianity aJohn A. Subhan cCAR 00104070aHMIbHMId2018-09-05l0r2018-09-05w2018-09-05yCAR c21388d21388